000 00417nab a2200145Ia 4500
003 ES-SlBCS
005 20210601124300.0
008 140529s1957 xxu||||| |||| 00| 0 eng d
041 _aeng
100 1 _aCoskren, Marcellus M.
_9139049
245 0 0 _aOf Truth and Tinsel
_c Marcellus M. Coskren
650 0 4 _aVerdad-Oropel
_9139050
773 0 _tDominicana
_gvol. 42, nº. 4, 1957, págs. 312-317
_wRev1398
942 _cAR
999 _c512256
_d512256